logo

Bir Sreshtho Munshi Abdur Rouf Library
Jhenaidah Cadet College

Kashmir : (Record no. 13657)

MARC details
000 -LEADER
fixed length control field 00890nam a2200277 a 4500
001 - CONTROL NUMBER
JCCL Control Number 13657
003 - CONTROL NUMBER IDENTIFIER
JCCL marc code BD-JhCC
005 - DATE AND TIME OF LATEST TRANSACTION
control field 20240313143648.0
008 - FIXED-LENGTH DATA ELEMENTS--GENERAL INFORMATION
fixed length control field 920829s1991 xx b b 001 0 eng
020 ## - INTERNATIONAL STANDARD BOOK NUMBER
International Standard Book Number 0907129056
020 ## - INTERNATIONAL STANDARD BOOK NUMBER
International Standard Book Number 0907129064(pbk.)
035 ## - SYSTEM CONTROL NUMBER
system control number (BD-JhCC)13657
040 ## - CATALOGING SOURCE
Original cataloging agency DLC
Transcribing agency DLC
Modifying agency BD-JhCC
041 ## - LANGUAGE CODE
Language code of Book eng
050 00 - LIBRARY OF CONGRESS CALL NUMBER
Classification number DS485.K25
Item number L36 1991
082 00 - DEWEY DECIMAL CLASSIFICATION NUMBER
Classification number 954.6
DDC Edition number 20
Author mark and Year LAM 1991
100 1# - MAIN ENTRY--PERSONAL NAME
Personal name Lamb, Alastair,
Dates associated with a name 1930-
245 10 - TITLE STATEMENT
Title Kashmir :
Remainder of title A Disputed Legacy, 1846-1990 /
Statement of responsibility, etc Alastair Lamb.
260 ## - PUBLICATION, DISTRIBUTION, ETC. (IMPRINT)
Place of publication, distribution, etc Hertingfordbury, Hertfordshire, [England] :
Name of publisher, distributor, etc Roxford Books;
Date of publication, distribution, etc 1991.
300 ## - PHYSICAL DESCRIPTION
Pagination xiv, 368 p. :
Other physical details maps ;
Dimensions 24 cm.
504 ## - BIBLIOGRAPHY, ETC. NOTE
Bibliography, etc Includes bibliographical references (p. 344-352) and index.
651 #0 - SUBJECT ADDED ENTRY--GEOGRAPHIC NAME
Geographic name Jammu and Kashmir (India)
General subdivision History.
651 #0 - SUBJECT ADDED ENTRY--GEOGRAPHIC NAME
Geographic name India
General subdivision Foreign relations
Geographic subdivision Pakistan.
651 #0 - SUBJECT ADDED ENTRY--GEOGRAPHIC NAME
Geographic name Pakistan
General subdivision Foreign relations
Geographic subdivision India.
942 ## - ADDED ENTRY ELEMENTS (KOHA)
Source of classification or shelving scheme Dewey Decimal Classification
Koha item type Books
Holdings
Source of classification or shelving scheme Damaged status Not for loan Home library Current library Shelving location Date of accession Cost, normal purchase price Total Checkouts Full call number Barcode Date last seen Date checked out Copy number Method of acquisition Koha item type Currency
Dewey Decimal Classification     JCC Rouf Library JCC Rouf Library General Stacks   440.00 2 954.6 LAM 1991 19108 01/14/2026 11/09/2025 C-1 Purchase Books BDT

JCC Library | Contacts | JCC Home

Last Update on 23 September 2017
Copyright @ 2017-2020 JCC Rouf Library
Rouf Library, Jhenidah Cadet College (JCC), Bangladesh